Najludniejsze państwa na litery A-Z - Statystyki

Ogólne statystyki
  • Ten quiz został rozwiązany 191 razy
  • Średni wynik to 18 z 24
Statystyki odpowiedzi
Litera Państwo % Poprawnych
C Chiny
95%
B Brazylia
93%
R Rosja
92%
I Indie
88%
S Stany Zjednoczone
88%
A Argentyna
86%
Ł Łotwa
86%
O Oman
86%
J Japonia
85%
T Turcja
77%
F Filipiny
76%
Z Zambia
76%
V Vanuatu
75%
D Demokratyczna Republika Konga
73%
H Hiszpania
73%
E Etiopia
70%
P Pakistan
68%
U Uganda
68%
M Meksyk
67%
N Nigeria
66%
W Wietnam
65%
L Laos
54%
K Kenia
50%
G Ghana
49%
Nie znaleziono quizów pasujących do podanych kryteriów
Rozkład punktacji
Procent ludzi z każdym wynikiem
Percentyl według liczby udzielonych odpowiedzi
Twoja historia wyników
Nie rozwiązałeś tego quizu